[Event "BIH-chT1B"]
[Site "Neum"]
[Date "2012.08.26"]
[Round "2.4"]
[White "Simic, Marko"]
[Black "Patkovic, Vahdet"]
[Result "1-0"]
[WhiteElo "1832"]
[BlackElo "2091"]
[PlyCount "78"]
[EventDate "2012.08.25"]
[EventType "team-tourn"]
[EventRounds "9"]
[EventCountry "BIH"]
[SourceTitle "CBM 150 Extra"]
[Source "ChessBase"]
[SourceDate "2012.10.19"]
[SourceVersion "1"]
[SourceVersionDate "2012.10.19"]
[SourceQuality "1"]

1. e4 g6 2. d4 Bg7 3. Nc3 d6 4. f4 Nf6 5. e5 dxe5 6. dxe5 Qxd1+ 7. Kxd1 Ng4 8. Ke1 c6 9. h3 Nh6 10. Nf3 0-0 11. Kf2 Nd7 12. a4 Nb6 13. Be3 Nd5 14. Nxd5 cxd5 15. Bc5 Bd7 16. Bxe7 Rfe8 17. Bb4 Rac8 18. c3 f6 19. exf6 Bxf6 20. Bb5 Bc6 21. Rae1 a6 22. Rxe8+ Rxe8 23. Bxc6 bxc6 24. Re1 Rxe1 25. Kxe1 Nf7 26. Ke2 Nd8 27. Ke3 Nb7 28. Kd3 Kf7 29. Ba3 c5 30. b3 Ke6 31. g4 h5 32. b4 c4+ 33. Kc2 Nd6 34. b5 axb5 35. Bxd6 Kxd6 36. axb5 hxg4 37. hxg4 Ke6 38. g5 Bd8 39. Ne5 d4 1-0

[Event "Velika Gorica op 7th"]
[Site "Velika Gorica"]
[Date "2007.08.24"]
[Round "8"]
[White "Sukunda, Darko"]
[Black "Simic, Marko"]
[Result "1-0"]
[WhiteElo "2101"]
[BlackElo "1907"]
[PlyCount "105"]
[EventDate "2007.08.18"]
[EventType "swiss"]
[EventRounds "9"]
[EventCountry "CRO"]
[SourceTitle "CBM 120 Extra"]
[Source "ChessBase"]
[SourceDate "2007.11.01"]
[SourceVersion "1"]
[SourceVersionDate "2007.11.01"]
[SourceQuality "1"]

1. d4 d5 2. c4 c6 3. Nf3 Nf6 4. Nc3 a6 5. c5 Bf5 6. h3 Nbd7 7. Bf4 h6 8. e3 e6 9. Bd3 Bxd3 10. Qxd3 b6 11. b4 Qc8 12. 0-0 Be7 13. Rfc1 Qb7 14. Rab1 0-0 15. Qc2 b5 16. a4 Ra7 17. Ra1 Rfa8 18. Qb2 Bd8 19. Ra2 Ne8 20. Rca1 Bc7 21. Bxc7 Nxc7 22. Nd2 f6 23. Nb3 Ne8 24. axb5 axb5 25. Rxa7 Rxa7 26. Na5 Qc7 27. Qb1 Kf7 28. h4 h5 29. Qh7 Nf8 30. Qxh5+ g6 31. Qf3 Ng7 32. g4 Nd7 33. Kg2 Ra8 34. Qg3 Qxg3+ 35. Kxg3 Ra6 36. Rh1 Kg8 37. f4 Nb8 38. e4 Ra7 39. exd5 exd5 40. Re1 Kf7 41. Kf3 Ne6 42. Rd1 Rc7 43. Rd2 Rc8 44. Nb7 Rh8 45. Nd6+ Ke7 46. f5 gxf5 47. Nxf5+ Kd7 48. Ra2 Nc7 49. Re2 Re8 50. Rxe8 Nxe8 51. h5 Ke6 52. h6 Kf7 53. h7 1-0

[Event "Velika Gorica op 7th"]
[Site "Velika Gorica"]
[Date "2007.08.19"]
[Round "2"]
[White "Belani, Marijan"]
[Black "Simic, Marko"]
[Result "1-0"]
[WhiteElo "2216"]
[BlackElo "1907"]
[PlyCount "67"]
[EventDate "2007.08.18"]
[EventType "swiss"]
[EventRounds "9"]
[EventCountry "CRO"]
[SourceTitle "CBM 120 Extra"]
[Source "ChessBase"]
[SourceDate "2007.11.01"]
[SourceVersion "1"]
[SourceVersionDate "2007.11.01"]
[SourceQuality "1"]

1. d4 d5 2. c4 c6 3. Nc3 Nf6 4. Nf3 e6 5. cxd5 cxd5 6. Bg5 Be7 7. e3 0-0 8. Bd3 h6 9. Bh4 Nc6 10. 0-0 a6 11. Rc1 Bd7 12. Bb1 b5 13. Bxf6 Bxf6 14. e4 dxe4 15. Nxe4 Be8 16. Nxf6+ Qxf6 17. Rxc6 Bxc6 18. Qc2 g6 19. Qxc6 Rfc8 20. Qe4 Ra7 21. h4 Rac7 22. Qe3 Kg7 23. g3 Qe7 24. Ne5 Rd8 25. Kg2 Qb4 26. Rd1 Qxb2 27. Ng4 Kf8 28. Qxh6+ Ke7 29. Qf4 Rcd7 30. Ne5 Rxd4 31. Rxd4 Rxd4 32. Qxd4 Qxb1 33. Nc6+ Kf8 34. Qh8# 1-0